| 000 | 01827cam a2200505 4500 | ||
|---|---|---|---|
| 001 | 22111 | ||
| 003 | VRT | ||
| 005 | 20260320105927.0 | ||
| 008 | 200316s2018 xo er 010 fdslo | ||
| 015 | _aSNBA2018/05 | ||
| 020 |
_a9788056901045 _q(viazané) |
||
| 035 | _aurn:nbn:sk:snk-am00dgmb | ||
| 035 | _aurn:nbn:sk:snk-am3i1ma | ||
| 035 | _a802C8D81-72AA-439C-97F9-1A2EFA7804AE | ||
| 039 | 9 |
_a202003161045 _bVLOAD _c201805031440 _dmsnk21 _c201804120916 _dmsnk134 _c201803201101 _dmsvkbb03 |
|
| 040 |
_aZKSE _bslo _dZKSE _dSNK _erda |
||
| 041 | 0 | _aslo | |
| 044 |
_axo _cSK |
||
| 072 | 7 |
_a821.162.4-3 _xSlovenská próza _2konspekt |
|
| 080 |
_a821.162.4-31 _22011 |
||
| 080 |
_a82-31 _22011 |
||
| 080 |
_a82-311.4 _22011 |
||
| 100 | 1 |
_aNagyová-Džerengová, Petra, _d1972- _4aut |
|
| 245 | 1 |
_aŽeny nášho rodu _cPetra Nagyová-Džerengová |
|
| 250 | _a1. vydanie | ||
| 264 | 1 |
_aBratislava _bMarenčin PT _c2018 |
|
| 300 |
_a270 strán _c21 cm |
||
| 336 |
_atext _btxt _2rdacontent |
||
| 337 |
_abez média _bn _2rdamedia |
||
| 338 |
_azväzok _bnc _2rdacarrier |
||
| 500 | _aObsahuje biografické údaje o autorke na prebale publikácie | ||
| 655 | 7 |
_aslovenské romány _2SNKPH |
|
| 655 | 7 |
_adievčenské romány _2SNKPH |
|
| 655 | 7 |
_aSlovak fiction _2SNKPHeng |
|
| 655 | 7 |
_aGirls' novels _2SNKPHeng |
|
| 655 | 7 |
_aspoločenské romány _2SNKPH |
|
| 655 | 7 |
_aSociety novels _2SNKPHeng |
|
| 942 |
_2ddc _cKLDO _n0 |
||
| 949 |
_6270001000587454 _asvkbbA 153727 _bsvkbbm 775055 |
||
| 949 |
_62889336691 _asavukPV 25889 _bsavuk2018/1185 |
||
| 949 |
_617A1329536 _asnkSC 179121 _bsnk2018/8360 _o795/2018 _s6100:20180509 |
||
| 949 |
_617A1329537 _asnkSC 179121 D1 _bsnk2018/8361 _o795/2018 |
||
| 949 |
_6273K0646511 _asvkpoA 242853 _bsvkpo638295 _rpoškodený obal |
||
| 999 |
_c22111 _d22111 |
||